000 00838nam a2200265 c 4500
003 BLK
005 20190629110516.0
008 180411b bul|||||r ||||||| ||bul||
010 _aKNG00190424000
040 _aBLK
041 _aBUL
_cBUL
080 _aБългарска литература
_b821.163.2
_x-31
_z821.163.2-31
100 1 _aГаврилов, Васил
_eпърви автор
_9342588
139 _aГаврилов, Васил
_bГ 14
245 1 0 _aБез теб не мога
_bРоман
_cВасил Гаврилов.
257 _aBGR
260 София
_bПрофиздат
_c1989
300 _a167 с.
_c20 см
380 _aX
852 _aЦб 159395
856 4 _qpdf
_u
856 4 _qpdf
_u
942 _cKNG
_n0
_01
944 _aCR
_c15.09.2016
_kКамелия_Данева
944 _aED
_c15.09.2016
_kКамелия_Данева
999 _c181521
_d181521